Statistics for Asian Capitals by Letter - A

Click here to take the quiz!

General Stats

  • This quiz has been taken 47 times
    (46 since last reset)
  • The average score is 4 of 5

Answer Stats

Answer% Correct
Ankara
88%
Amman
86%
Astana
86%
Abu Dhabi
79%
Ashgabat
79%

Score Distribution

Percentile by Number Answered

Percent of People with Each Score

Your Score History

You have not taken this quiz since the last reset